LEADER 01075nam a2200253 i 4500 001 000000155302 003 CaOOAMICUS 005 20061106000000.0 008 061106n it u000 u ger u 013 $a132651 040 $aSeMil$bita 100 1 $aSteenhoff, W.$0(OLS)http://semarc/name/60741 245 10$aAmsterdam :$bdas Rijksmuseum /$cvon W. Steenhoff. 250 $a2. Auflage. 260 $aStuttgart ; Berlin ; Leipzig :$bUnion Deutsche Verlagsgesellschaft,$c[1910?] 300 $a194 p. :$bmit 105 Abbildungen und 1 Grundriss :$bill. ;$c16 cm. 490 0 $aModerner Cicerone 650 4$aAmsterdam - Guide.$0(OLS)http://semarc/subject/30397 830 0$aModerner Cicerone.$0(OLS)http://semarc/title/22200 850 $aSeMil 852 $aSeMil$W1$xVenegono$y1$m5N I 16$j107139$B107139$CSeMilBibl$Z2$F116536 $81 961 $aRecupero: Altro 996 $6245$aAmsterdam :$bdas Rijksmuseum$9(OLS)http://semarc/title/227406 996 $6260$aStuttgart ; Berlin ; Leipzig :$bUnion Deutsche Verlagsgesellschaft$9(OLS)http://semarc/publisher/34488 LEADER 01061nam a2200217 i 4500 001 000000354060 003 CaOOAMICUS 005 20230607104952.0 008 230607s1909 it u000 u ita u 040 $aSeMil$bita 100 1 $aBersani Dossena, Angelo,$c.$0(OLS)http://semarc/name/14813 245 10$a2: Il Pater Noster e i dieci comandamenti /$cBersani mons. Angelo. 250 $a8. Ed. 264 1$aLodi :$bTipografia vescovile Quirico e Camagni,$c1909. 300 $a372 p. ;$c19 cm. 773 0 $aBersani Dossena, Angelo $tCatechismo spiegato al popolo per via di esempi e similitudini.$dLodi : Tipografia vescovile Quirico e Camagni, 1909.$b8. Ed.$kPiccola biblioteca dei curati di campagna$g2$w()354052 850 $aSeMil 852 $aSeMil$W1$xVenegono$y1$m3K VII 8 FA$j241186$B245290$CSeMilBibl$Z2$F245290 $8I 996 $6245$a2: Il Pater Noster e i dieci comandamenti$9(OLS)http://semarc/title/444203 996 $6264$aLodi :$bTipografia vescovile Quirico e Camagni$9(OLS)http://semarc/publisher/61025